[Event "POL-chT 45th"]
[Site "Leba"]
[Date "1989.10.??"]
[Round "6"]
[White "Bus, Mariusz"]
[Black "Bozek, Adam"]
[Result "1-0"]
[WhiteElo "2305"]
[BlackElo "2405"]
[PlyCount "80"]
[EventDate "1989.10.01"]
[EventType "team-tourn"]
[EventRounds "11"]
[EventCountry "POL"]
[SourceTitle "EXT 2019"]
[Source "ChessBase"]
[SourceDate "2018.10.10"]
[SourceVersion "1"]
[SourceVersionDate "2018.10.10"]
[SourceQuality "1"]
[WhiteTeam "Wroclaw Politechnika"]
[BlackTeam "Wroclaw Maraton"]
[WhiteTeamCountry "POL"]
[BlackTeamCountry "POL"]

1. e4 e5 2. Nf3 Nc6 3. Bb5 a6 4. Bxc6 dxc6 5. 0-0 f6 6. d4 exd4 7. Nxd4 c5 8. Nb3 Qxd1 9. Rxd1 Bg4 10. f3 Be6 11. Be3 b6 12. a4 Bd6 13. a5 0-0-0 14. Nc3 Kb7 15. axb6 cxb6 16. e5 Be7 17. Rxd8 Bxd8 18. Ne4 Be7 19. Bxc5 fxe5 20. Bxe7 Nxe7 21. Nbc5+ bxc5 22. Nxc5+ Kb6 23. Nxe6 Rc8 24. c3 g6 25. Rd1 Nc6 26. Ng5 Rc7 27. Rd5 a5 28. Ne6 Re7 29. Nc5 Kb5 30. Ne4+ Kb6 31. Kf2 Re6 32. Nd2 Re7 33. Ke3 Kb7 34. Nc4 Ka6 35. Rc5 Re6 36. Ke4 Rf6 37. Kd5 Ne7+ 38. Kxe5 Rf5+ 39. Kd6 Rxc5 40. Kxc5 Nf5 1-0

[Event "Legion op 6th"]
[Site "Warsaw"]
[Date "1989.01.22"]
[Round "11"]
[White "Bozek, Adam"]
[Black "Gross, Stefan"]
[Result "1/2-1/2"]
[WhiteElo "2375"]
[BlackElo "2425"]
[PlyCount "81"]
[EventDate "1989.01.12"]
[EventType "swiss"]
[EventRounds "11"]
[EventCountry "POL"]
[SourceTitle "EXT 1997"]
[Source "ChessBase"]
[SourceDate "1996.11.15"]
[SourceVersion "1"]
[SourceVersionDate "1996.11.15"]
[SourceQuality "1"]

1. e4 c5 2. Nf3 Nc6 3. d4 cxd4 4. Nxd4 Nf6 5. Nc3 d6 6. Be2 e6 7. 0-0 Be7 8. Be3 0-0 9. f4 Qc7 10. Qe1 Nxd4 11. Bxd4 e5 12. fxe5 dxe5 13. Qg3 Bc5 14. Bxc5 Qxc5+ 15. Kh1 Ne8 16. Bd3 f6 17. Nd5 Rf7 18. Qf2 Qxf2 19. Rxf2 Nd6 20. c4 b6 21. Rc1 Ba6 22. Kg1 Rc8 23. b3 Kf8 24. Rcc2 Bb7 25. Rf1 Ke8 26. Rfc1 g6 27. Re1 Kf8 28. Nc3 Ne8 29. Rf2 Ke7 30. Bf1 Nc7 31. g3 Rd8 32. Bh3 Rd3 33. Nd5+ Ke8 34. Nb4 Rd4 35. Be6 Rf8 36. Bd5 Bxd5 37. exd5 Rf7 38. Nc6 Rd3 39. Nb4 Rd4 40. Nc6 Rd3 41. Nb4 1/2-1/2

[Event "Legion op 6th"]
[Site "Warsaw"]
[Date "1989.01.17"]
[Round "6"]
[White "Gruenberg, Hans Ulrich"]
[Black "Bozek, Adam"]
[Result "1-0"]
[WhiteElo "2475"]
[BlackElo "2375"]
[PlyCount "57"]
[EventDate "1989.01.12"]
[EventType "swiss"]
[EventRounds "11"]
[EventCountry "POL"]
[SourceTitle "EXT 1997"]
[Source "ChessBase"]
[SourceDate "1996.11.15"]
[SourceVersion "1"]
[SourceVersionDate "1996.11.15"]
[SourceQuality "1"]

1. d4 d5 2. c4 e6 3. Nc3 c5 4. cxd5 exd5 5. Nf3 Nc6 6. g3 Nf6 7. Bg2 Be7 8. 0-0 0-0 9. b3 Re8 10. Bb2 Bg4 11. dxc5 Bxc5 12. Rc1 Bf8 13. e3 Rc8 14. Ne2 Ne4 15. h3 Be6 16. Nf4 Qa5 17. a3 Ne7 18. Nxe6 fxe6 19. Nd4 Nc6 20. b4 Qd8 21. Nxc6 bxc6 22. Bxe4 dxe4 23. Qg4 Qd5 24. Rfd1 Qa2 25. Rd2 Rcd8 26. Bxg7 Rxd2 27. Be5+ Kf7 28. Qh5+ Kg8 29. Qg5+ 1-0

[Event "Legion op 6th"]
[Site "Warsaw"]
[Date "1989.01.14"]
[Round "3"]
[White "Bozek, Adam"]
[Black "Drzemicki, Dariusz"]
[Result "1/2-1/2"]
[WhiteElo "2375"]
[BlackElo "2275"]
[PlyCount "35"]
[EventDate "1989.01.12"]
[EventType "swiss"]
[EventRounds "11"]
[EventCountry "POL"]
[SourceTitle "EXT 1997"]
[Source "ChessBase"]
[SourceDate "1996.11.15"]
[SourceVersion "1"]
[SourceVersionDate "1996.11.15"]
[SourceQuality "1"]

1. e4 c5 2. Nf3 e6 3. d4 cxd4 4. Nxd4 Nf6 5. Nc3 d6 6. g3 Be7 7. Bg2 0-0 8. 0-0 a6 9. Be3 Nc6 10. Qe2 Bd7 11. a4 Qc7 12. f4 Nxd4 13. Bxd4 Bc6 14. a5 Nd7 15. Rfd1 Bf6 16. Qc4 Rac8 17. Bxf6 Nxf6 18. Qb4 1/2-1/2

[Event "Slupsk op"]
[Site "Slupsk"]
[Date "1988.08.12"]
[Round "8"]
[White "Szymczak, Zbigniew"]
[Black "Bozek, Adam"]
[Result "1-0"]
[WhiteElo "2340"]
[BlackElo "2375"]
[PlyCount "103"]
[EventDate "1988.08.04"]
[EventType "swiss"]
[EventRounds "11"]
[EventCountry "POL"]
[SourceTitle "EXT 2015"]
[Source "ChessBase"]
[SourceDate "2014.11.20"]
[SourceVersion "1"]
[SourceVersionDate "2014.11.20"]
[SourceQuality "1"]

1. e4 e5 2. Nf3 Nc6 3. Bb5 a6 4. Ba4 Nf6 5. 0-0 Be7 6. Re1 b5 7. Bb3 d6 8. c3 0-0 9. a4 Bd7 10. d4 h6 11. Nbd2 Re8 12. Nf1 Bf8 13. Ng3 Na5 14. Bc2 c5 15. d5 c4 16. h3 Nb7 17. axb5 axb5 18. Rxa8 Qxa8 19. Nh2 Nc5 20. Ng4 Nxg4 21. hxg4 Be7 22. Nf5 Bxf5 23. gxf5 Bg5 24. Bxg5 hxg5 25. Qh5 f6 26. Re3 Re7 27. Rh3 Qe8 28. Qh7+ Kf7 29. Bd1 Qg8 30. Qg6+ Kf8 31. Rh7 Ra7 32. Bh5 Re7 33. Bg4 Rd7 34. Qh5 Ke7 35. Rh8 Qf7 36. Qh7 Rd8 37. Rxd8 Kxd8 38. Qh8+ Kc7 39. Bh5 Qe7 40. Qa8 Nb7 41. Be8 Kb6 42. Bc6 Qc7 43. Bxb7 Qxb7 44. Qf8 Kc5 45. Qd8 Qf7 46. g4 Qb7 47. Kg2 Qa7 48. Qc8+ Kb6 49. Qc6+ Ka5 50. Qxd6 Qb7 51. Kf3 Qc8 52. Qe7 1-0

[Event "Poznan"]
[Site "Poznan"]
[Date "1987.??.??"]
[Round "?"]
[White "Bozek, Adam"]
[Black "Novikov, Igor A"]
[Result "1/2-1/2"]
[WhiteElo "2380"]
[BlackElo "2455"]
[PlyCount "106"]
[EventDate "1987.10.??"]
[EventType "tourn"]
[EventRounds "11"]
[EventCountry "POL"]
[EventCategory "7"]
[SourceTitle "TD"]
[Source "ChessBase"]
[SourceDate "1994.03.01"]
[SourceVersion "1"]
[SourceVersionDate "1994.03.01"]
[SourceQuality "1"]

1. e4 c5 2. Nf3 d6 3. d4 cxd4 4. Nxd4 Nf6 5. Nc3 a6 6. Be2 e6 7. a4 Be7 8. 0-0 0-0 9. f4 Qc7 10. Be3 b6 11. Bf3 Bb7 12. Qe2 Nbd7 13. Bf2 Rfe8 14. Bg3 e5 15. Nf5 Bf8 16. fxe5 Nxe5 17. Bh4 Nfd7 18. Ne3 Rac8 19. Rf2 Qc5 20. Ncd5 Nxf3+ 21. Qxf3 Ne5 22. Qf5 Rb8 23. Raf1 Bc8 24. Qh5 Be6 25. Kh1 Rb7 26. c3 Ng6 27. Bf6 Bxd5 28. Bd4 Qc6 29. exd5 Qxa4 30. Rf3 Re4 31. Kg1 Rh4 32. Qf5 Qe8 33. Qd3 Ne5 34. Bxe5 Qxe5 35. g3 Ra4 36. Nc4 Qh5 37. Qe2 Re7 38. Qd3 Rb7 39. Qe2 Qxd5 40. b3 Rxc4 41. Qxc4 Qxc4 42. bxc4 g6 43. Kf2 Bg7 44. Ke2 Rc7 45. Ra1 a5 46. Rb1 Rc6 47. Rb3 f5 48. Kd3 h5 49. Rf1 Bf6 50. Rfb1 Bd8 51. Kd4 Kf7 52. Rb5 Rc8 53. Kd5 h4 1/2-1/2

[Event "POL-chT 43rd"]
[Site "Jachranka"]
[Date "1987.??.??"]
[Round "11"]
[White "Bozek, Adam"]
[Black "Rosiak, Andrzej"]
[Result "0-1"]
[WhiteElo "2380"]
[BlackElo "2335"]
[PlyCount "72"]
[EventDate "1987.09.23"]
[EventType "team-tourn"]
[EventRounds "11"]
[EventCountry "POL"]
[SourceTitle "EXT 2019"]
[Source "ChessBase"]
[SourceDate "2018.10.10"]
[SourceVersion "1"]
[SourceVersionDate "2018.10.10"]
[SourceQuality "1"]
[WhiteTeam "Wroclaw Maraton"]
[BlackTeam "Lodz Anilana"]
[WhiteTeamCountry "POL"]
[BlackTeamCountry "POL"]

1. e4 e6 2. d4 d5 3. Nc3 Nf6 4. e5 Nfd7 5. f4 c5 6. Nf3 Nc6 7. Ne2 b5 8. c3 b4 9. Ng3 Qb6 10. Be3 bxc3 11. bxc3 Qb2 12. Rc1 cxd4 13. Rc2 Qa3 14. Nxd4 Nb4 15. Rc1 Ba6 16. Bxa6 Nxa6 17. 0-0 g6 18. f5 gxf5 19. Qh5 Nac5 20. Ngxf5 exf5 21. e6 0-0-0 22. Qxf7 Bd6 23. Qxf5 Qxa2 24. Nb5 Qa6 25. Rb1 Nxe6 26. Nxa7+ Kc7 27. Nb5+ Kc8 28. Na7+ Kc7 29. Ra1 Qe2 30. Nb5+ Qxb5 31. Rfb1 Qc6 32. Ra7+ Kc8 33. Rba1 Bc5 34. Bd4 Bxa7 35. Rxa7 Nxd4 36. cxd4 Qc1+ 0-1

[Event "Poznan"]
[Site "Poznan"]
[Date "1987.??.??"]
[Round "?"]
[White "Ernst, Thomas"]
[Black "Bozek, Adam"]
[Result "0-1"]
[WhiteElo "2455"]
[BlackElo "2380"]
[PlyCount "124"]
[EventDate "1987.10.??"]
[EventType "tourn"]
[EventRounds "11"]
[EventCountry "POL"]
[EventCategory "7"]
[SourceTitle "TD"]
[Source "ChessBase"]
[SourceDate "1994.03.01"]
[SourceVersion "1"]
[SourceVersionDate "1994.03.01"]
[SourceQuality "1"]

1. e4 e5 2. Nf3 Nc6 3. Bb5 a6 4. Ba4 Nf6 5. 0-0 Be7 6. Re1 b5 7. Bb3 d6 8. c3 0-0 9. h3 Na5 10. Bc2 c5 11. d4 Qc7 12. Nbd2 cxd4 13. cxd4 Bb7 14. Nf1 Rac8 15. Bb1 exd4 16. Nxd4 Rfe8 17. Ng3 d5 18. exd5 Bb4 19. Rxe8+ Rxe8 20. Nc2 Bf8 21. Ne3 Nc4 22. Nxc4 Qxc4 23. Nf5 Qxd5 24. Qxd5 Re1+ 25. Kh2 Bxd5 26. Bd2 Rd1 27. Bg5 Be4 28. Bxe4 Rxa1 29. Bxf6 gxf6 30. Bd5 Rb1 31. b3 Rb2 32. a4 Rxf2 33. Be4 Rb2 34. axb5 axb5 35. Bd5 Rd2 36. Be4 Bd6+ 37. Nxd6 Rxd6 38. Kg3 Rd4 39. Kf3 Rb4 40. Bd5 Rd4 41. Be4 h5 42. Ke3 Rb4 43. Bd5 Kf8 44. Kd3 Ke7 45. Ke3 f5 46. Kd3 h4 47. Ke3 f6 48. Kd3 Kd6 49. Bf7 Rf4 50. Bh5 Ke5 51. Be8 Rd4+ 52. Ke2 b4 53. Ke3 Rd8 54. Bf7 Rd7 55. Bc4 Rg7 56. Kf3 Rg3+ 57. Kf2 Rc3 58. Bf7 Ke4 59. Bg8 Rc2+ 60. Kg1 Rb2 61. Bf7 f4 62. Bg8 f3 0-1

[Event "Poznan"]
[Site "Poznan"]
[Date "1987.??.??"]
[Round "?"]
[White "Ostrowski, Leszek"]
[Black "Bozek, Adam"]
[Result "1/2-1/2"]
[WhiteElo "2385"]
[BlackElo "2380"]
[PlyCount "70"]
[EventDate "1987.10.??"]
[EventType "tourn"]
[EventRounds "11"]
[EventCountry "POL"]
[EventCategory "7"]
[SourceTitle "TD"]
[Source "ChessBase"]
[SourceDate "1994.03.01"]
[SourceVersion "1"]
[SourceVersionDate "1994.03.01"]
[SourceQuality "1"]

1. Nf3 d5 2. g3 Nf6 3. Bg2 e6 4. 0-0 Be7 5. d4 0-0 6. c4 c5 7. dxc5 Bxc5 8. a3 b6 9. b4 Be7 10. Bb2 Bb7 11. Nbd2 Nbd7 12. Rc1 Rc8 13. Nd4 a6 14. cxd5 Nxd5 15. Qb3 Bf6 16. Ne4 Bxd4 17. Bxd4 Qe7 18. Nd2 b5 19. e4 N5b6 20. Qe3 Rxc1 21. Rxc1 Rc8 22. Rxc8+ Nxc8 23. Qc3 Nf6 24. f3 Ne8 25. Nb3 Ncd6 26. Na5 Ba8 27. Qc5 Qd7 28. Bf1 f5 29. e5 Nf7 30. Be2 g5 31. Bc3 Kg7 32. Nb3 g4 33. Nd4 gxf3 34. Nxf5+ Kg8 35. Ne7+ Kg7 1/2-1/2

[Event "POL-chT 43rd"]
[Site "Jachranka"]
[Date "1987.??.??"]
[Round "5"]
[White "Szymczak, Zbigniew"]
[Black "Bozek, Adam"]
[Result "0-1"]
[WhiteElo "2340"]
[BlackElo "2380"]
[PlyCount "78"]
[EventDate "1987.09.23"]
[EventType "team-tourn"]
[EventRounds "11"]
[EventCountry "POL"]
[SourceTitle "EXT 2019"]
[Source "ChessBase"]
[SourceDate "2018.10.10"]
[SourceVersion "1"]
[SourceVersionDate "2018.10.10"]
[SourceQuality "1"]
[WhiteTeam "Swidnik Avia"]
[BlackTeam "Wroclaw Maraton"]
[WhiteTeamCountry "POL"]
[BlackTeamCountry "POL"]

1. c4 e6 2. Nf3 Nf6 3. d4 d5 4. Nc3 Bb4 5. cxd5 exd5 6. Bg5 Nbd7 7. e3 c5 8. Bd3 Qa5 9. Qc2 0-0 10. 0-0 c4 11. Bf5 Re8 12. Nd2 g6 13. Bh3 Kg7 14. Rae1 Ne4 15. Ndxe4 dxe4 16. Bh4 Nb6 17. Bxc8 Raxc8 18. f3 Bxc3 19. bxc3 f5 20. g4 exf3 21. gxf5 Qxf5 22. e4 Qg4+ 23. Bg3 Rc7 24. Rxf3 Qxf3 25. Bxc7 Nd5 26. Bg3 Nxc3 27. Be5+ Kg8 28. a3 b5 29. Qf2 Qg4+ 30. Qg2 Qxg2+ 31. Kxg2 a5 32. Kf3 b4 33. Bc7 Rxe4 34. Rxe4 Nxe4 35. axb4 axb4 36. Be5 b3 37. d5 c3 38. d6 Nxd6 39. Bxc3 Nc4 0-1

[Event "Gdynia Olympiad Candid."]
[Site "Gdynia"]
[Date "1985.02.18"]
[Round "7"]
[White "Bozek, Adam"]
[Black "Wielecki, Zygmunt"]
[Result "1-0"]
[WhiteElo "2285"]
[BlackElo "2285"]
[PlyCount "83"]
[EventDate "1985.02.??"]
[EventType "tourn"]
[EventRounds "11"]
[EventCountry "POL"]
[EventCategory "2"]
[SourceTitle "EXT 2001"]
[Source "ChessBase"]
[SourceDate "2000.11.22"]
[SourceVersion "1"]
[SourceVersionDate "2000.11.22"]
[SourceQuality "1"]

1. e4 c5 2. g3 e6 3. Bg2 d5 4. d3 dxe4 5. dxe4 Qxd1+ 6. Kxd1 Bd7 7. Be3 Bc6 8. Nd2 Nf6 9. f3 Nbd7 10. Nh3 Be7 11. Ke2 Nb6 12. b3 Nfd7 13. Rhd1 c4 14. Kf2 0-0 15. Bf1 Bf6 16. Rab1 c3 17. Nc4 Nxc4 18. Bxc4 b5 19. Be2 Be7 20. Nf4 a5 21. Nd3 a4 22. b4 Rab8 23. Bd4 Rfc8 24. Ne5 Nxe5 25. Bxe5 Rb7 26. Rd3 Be8 27. Bd6 Bd8 28. Bc5 e5 29. Rbd1 Bg5 30. h4 Bd2 31. Be3 Rbc7 32. Rd5 f6 33. a3 Bc6 34. Rc5 Bxe3+ 35. Kxe3 Be8 36. Rxc7 Rxc7 37. Rd5 Rb7 38. Rc5 Kf8 39. Rxc3 Ke7 40. Rc5 Kd6 41. f4 Rc7 42. fxe5+ 1-0